| 000 | 01494cam a2200301 4500500 | ||
|---|---|---|---|
| 005 | 20260322002547.0 | ||
| 041 | _afre | ||
| 042 | _adc | ||
| 100 | 1 | 0 |
_aMaimouni, Mohammed _eauthor |
| 700 | 1 | 0 |
_aMoussaoui, Jihane _eauthor |
| 700 | 1 | 0 |
_aChlihfane, Rajae _eauthor |
| 700 | 1 | 0 |
_aBarrimi, Mohammed _eauthor |
| 700 | 1 | 0 |
_aReca, Martin _eauthor |
| 245 | 0 | 0 | _aAttempts at self-enucleation and genital self-mutilation in the context of RESLES in a schizophrenic patient |
| 260 | _c2022. | ||
| 500 | _a76 | ||
| 520 | _aWe report the case of a young man hospitalized in a psychiatric ward for a schizophrenic relapse and who presents recurrent tonic-clonic epileptic seizures concomitant with attempts at genital self-mutilation and self-enucleation in the context of RESLES (reversible splenial lesion syndrome). The patient was treated with the aim of achieving remission of schizophrenic symptoms and also with a view to investigating the etiological factors of the tonic-clonic seizures causing these serious self-mutilations. | ||
| 690 | _aepileptic seizures | ||
| 690 | _aRESLES | ||
| 690 | _aself-enucleation | ||
| 690 | _aself-mutilation | ||
| 690 | _aepileptic seizures | ||
| 690 | _aRESLES | ||
| 690 | _aself-enucleation | ||
| 690 | _aself-mutilation | ||
| 786 | 0 | _nL'information psychiatrique | Volume 98 | 1 | 2022-02-09 | p. 49-51 | 0020-0204 | |
| 856 | 4 | 1 | _uhttps://stm.cairn.info/journal-l-information-psychiatrique-2022-1-page-49?lang=en&redirect-ssocas=7080 |
| 999 |
_c1724517 _d1724517 |
||